Sports Quiz

Random Sports or NCAA Quiz

NCAA 2013 Bracket Quiz Stats

Quiz not verified by Sporcle

Challenge
Share
Tweet
Embed
Score 0/68 Timer 07:00
0 Plays Today
Hint Team % Correct
1Kansas
94.1%
2Duke
90.2%
4Michigan
86.3%
1Gonzaga
84.3%
8North Carolina
80.4%
1Louisville
78.4%
4Syracuse
76.5%
3Michigan State
74.5%
3Florida
74.5%
5Wisconsin
74.5%
6Arizona
74.5%
12Oregon
72.5%
9Villanova
70.6%
1Indiana
68.6%
2Georgetown
68.6%
10Oklahoma
68.6%
2Miami
64.7%
6UCLA
64.7%
7Illinois
64.7%
6Butler
60.8%
8Pittsburgh
60.8%
2Ohio State
58.8%
3Marquette
58.8%
9Wichita State
58.8%
10Iowa State
58.8%
4Kansas State
56.9%
5Oklahoma State
52.9%
7Notre Dame
52.9%
3New Mexico
51%
7Creighton
51%
11Minnesota
51%
5VCU
49%
9Missouri
49%
14Harvard
49%
Hint Team % Correct
5UNLV
47.1%
6Memphis
45.1%
7San Diego State
45.1%
10Cincinnati
43.1%
12California
43.1%
15Florida Gulf Coast
43.1%
10Colorado
41.2%
8North Carolina State
37.3%
12Akron
37.3%
13New Mexico State
37.3%
13South Dakota State
37.3%
16Southern
37.3%
11St. Mary's
35.3%
9Temple
33.3%
13Montana
31.4%
8Colorado State
29.4%
13La Salle
29.4%
16Western Kentucky
29.4%
(Play In) 13Boise State
27.5%
4St. Louis
27.5%
11Bucknell
25.5%
11Belmont
23.5%
12Ole Miss
21.6%
15Albany
21.6%
(Play In) 11Middle Tennessee
19.6%
14Davidson
15.7%
15Iona
15.7%
16James Madison
15.7%
(Play In #1) 16Liberty
15.7%
15Pacific
11.8%
16NC A&T
5.9%
(Play In #2) 16LIU-Brooklyn
5.9%
14Northwestern State
3.9%
14Valapraiso
2%

You're not logged in!

Compare scores with friends on all Sporcle quizzes.
Join for Free
OR
Log In

You Might Also Like...

Show Comments

Extras

Top Quizzes Today


Score Distribution

Your Account Isn't Verified!

In order to create a playlist on Sporcle, you need to verify the email address you used during registration. Go to your Sporcle Settings to finish the process.

Report this User

Report this user for behavior that violates our Community Guidelines.

Details: